Harry Styles - Chansons de l'album Harry Styles - Statistiques

Statistiques générales
  • Ce quiz a été pris 20 fois
  • Le résultat moyen est 10 sur 10
Statistiques - réponses
Hint Réponse % Correct
Harry Styles 3 Carolina
100%
Harry Styles2 10 From the Dining Table
100%
Harry Styles2 7 Kiwi
100%
Harry Styles2 6 Only Angel
100%
Harry Styles 2 Sign of the Times
100%
Harry Styles 4 Two Ghosts
100%
Harry Styles 1 Meet Me in the Hallway
94%
Harry Styles2 8 Ever Since New York
94%
Harry Styles2 9 Woman
94%
Harry Styles 5 Sweet Creature
88%
Aucun quiz correspondant
Distribution des résultats
% des personnes avec chaque résultat
Percentile par nombre de réponses
Votre historique - résultats
Vous n’avez pas pris ce quiz